CLUTCHES AND BRAKES , DESIGN AND SELECTION (Record no. 574138)
[ view plain ]
| 000 -LEADER | |
|---|---|
| fixed length control field | 00343nam a22001337a 4500 |
| 020 ## - INTERNATIONAL STANDARD BOOK NUMBER | |
| International Standard Book Number | 0-8247-7393-4 |
| 082 ## - DEWEY DECIMAL CLASSIFICATION NUMBER | |
| Classification number | 629.246 ORT'C |
| 100 ## - MAIN ENTRY--PERSONAL NAME | |
| Personal name | ORTHWEIN, WILLIAM C |
| 9 (RLIN) | 66110 |
| 245 ## - TITLE STATEMENT | |
| Title | CLUTCHES AND BRAKES , DESIGN AND SELECTION |
| 260 ## - PUBLICATION, DISTRIBUTION, ETC. | |
| Place of publication, distribution, etc. | NEWYORK |
| Name of publisher, distributor, etc. | MARCEL DEKKER |
| Date of publication, distribution, etc. | 1986 |
| 300 ## - PHYSICAL DESCRIPTION | |
| Extent | 358P |
| 650 ## - SUBJECT ADDED ENTRY--TOPICAL TERM | |
| Topical term or geographic name entry element | CLUTCHES BRAKES |
| 9 (RLIN) | 66111 |
| 942 ## - ADDED ENTRY ELEMENTS (KOHA) | |
| Koha item type | Book |
| Withdrawn status | Lost status | Damaged status | Not for loan | Permanent Location | Current Location | Shelving location | Date acquired | Total Checkouts | Full call number | Barcode | Date last seen | Price effective from | Koha item type |
|---|---|---|---|---|---|---|---|---|---|---|---|---|---|
| College of Electrical & Mechanical Engineering (CEME) | College of Electrical & Mechanical Engineering (CEME) | General Stacks | 07/28/2017 | 629.246 ORT'C | CEME-26777 | 06/28/2021 | 06/28/2021 | Book |
